| 000 | 01203nam a2200313 i 4500 | ||
|---|---|---|---|
| 003 | EG-GICUC | ||
| 005 | 20260121101340.0 | ||
| 008 | 251124b1970 ua ||||f |||| 00| 0 ara d | ||
| 040 |
_a EG-GICUC _c EG-GICUC _d EG-GICUC _erda _bara |
||
| 041 | _aara | ||
| 082 | 0 | 4 |
_221 _a345.25042 _bص ب . ن |
| 092 | 0 | 4 | _221 |
| 099 | _aLaw1 07 345.25042 ص ب . ن 1970 | ||
| 100 | 0 |
_aصبحي محرم _eمؤلف. |
|
| 245 | 1 | 0 |
_aنظام الحكم المحلي في بريطانيا / _cإعداد صبحي محرم. |
| 264 | 1 |
_aالقاهرة : _bجامعة الدول العربية-المنظمة العربية للعلوم الإدارية، مركز البحوث الإدارية، _c1970. |
|
| 300 |
_a72 صفحة : _c24 سم. _bإيضاحيات ؛ |
||
| 336 |
_2rda content _atext |
||
| 337 |
_2rda media _aComputer |
||
| 338 |
_2rda carrier _aOnline Resource |
||
| 490 | _v40 | ||
| 504 | _a. ببليوجرافيا: صفة 67. | ||
| 546 | _aالنص باللغة العربية | ||
| 650 | 1 | 7 |
_2qrmak _aالإدارة المحلية |
| 651 | 1 | 7 |
_aبريطانيا _2qrmak |
| 856 | 4 | 0 | _uhttps://fll.law.cu.edu.eg/fulltext/bks/B07-00192.pdf |
| 905 | _aWesam Mahmoud | ||
| 942 |
_2ddc _n0 _cBK _e21 |
||
| 999 |
_c45764 _d45764 |
||